Canadian Musical Acts by Two Songs - Statistics

General Stats
  • This quiz has been taken 28,778 times
    10,275 since last reset
  • The average score is 11 of 22
Answer Stats
Songs Musical Act % Correct
Sk8er Boi / Girlfriend Avril Lavigne
89%
My Heart Will Go On / Because You Loved Me Celine Dion
89%
Sorry / Love Yourself Justin Bieber
85%
Blinding Lights / Starboy The Weeknd
81%
God's Plan / The Motto Drake
73%
Summer of '69 / (Everything I Do) I Do It for You Bryan Adams
72%
How You Remind Me / Photograph Nickelback
64%
Ironic / Hand in my Pocket Alanis Morissette
61%
You're Still the One / Man! I Feel Like a Woman! Shania Twain
61%
Promiscuous / Say it Right Nelly Furtado
49%
Heart of Gold / Southern Man Neil Young
39%
Born to be Wild / Magic Carpet Ride Steppenwolf
39%
Tom Sawyer / New World Man Rush
38%
Big Yellow Taxi / Case of You Joni Mitchell
35%
One Week / If I Had $1,000,000 Barenaked Ladies
31%
Takin' Care of Business / You Ain't Seen Nothing Yet Bachman-Turner Overdrive
25%
The Wreck of the Edmund Fitzgerald / Rainy Day People Gordon Lightfoot
25%
Up on Cripple Creek / The Weight The Band
23%
American Woman / Share The Land The Guess Who
23%
Suzanne / Famous Blue Raincoat Leonard Cohen
19%
Keep the Car Running / Neon Bible Arcade Fire
15%
Ahead by a Century / Nautical Disaster The Tragically Hip
13%
No matching quizzes found
Score Distribution
Percent of People with Each Score
Percentile by Number Answered
Your Score History
You have not taken this quiz since the last reset